000 00724nam a2200229 a 4500
001 000013382
005 20200929163219.0
008 091123s1989 cu 001 f spa d
040 _aDO-SdBNP
_bspa
_cBNPHU
082 _aCu863.4
_bG643m
100 1 _aGonzález de Cascorro, Raúl,
_d1922-1985
_930618
245 1 0 _aMuerte del bandido /
_cRaúl González de Cascorro ; edición de Miriam Ocaña Santiesteban.
260 _aLa Habana :
_bUnión,
_c1989.
300 _a187, [3] p. ;
_c19 cm.
490 1 _aContemporáneos
650 4 _aNovela cubana
_92316
650 4 _aLiteratura cubana
_91483
700 1 _aOcaña Santiesteban, Miriam,
_eed.
_930619
830 0 _aContemporáneos
_96941
910 _aWM
049 _aBNGR
999 _c13008
_d13008